All Current Heads of State for Asian Countries - Statistics

General Stats
  • This quiz has been taken 46 times
  • The average score is 15 of 48
Answer Stats
Country Official Title Head of Government % Correct
China President and Gen. Sec. of the Communist Party Xi Jinping
96%
North Korea President of the State Affairs Commission Kim Jong Un
87%
Israel Prime Minister Benjamin Netanyahu
78%
Jordan King Abdullah II
74%
India Prime Minister Narendra Modi
74%
Turkey President Recep Tayyip Erdoğan
65%
Iran Supreme Leader Ali Khamenei
61%
Saudi Arabia King (de jure) / Prime Minister (de facto) Salman / Mohammed bin Salman
57%
Azerbaijan President Ilham Aliyev
43%
Bangladesh Chief Adviser Muhammad Yunus
35%
Bahrain King Sheikh Hamad bin Isa Al Khalifa
35%
Tajikistan President Emomali Rahmon
30%
Kazakhstan President Kassym-Jomart Tokayev
30%
Armenia Prime Minister Nikol Pashinyan
30%
Kyrgyzstan President Sadyr Japarov
30%
Qatar Emir Shiekh Tamim bin Hamad Al Thani
30%
Syria De facto head of state Ahmed al-Sharaa
26%
Philippines President Bongbong Marcos
26%
Turkmenistan Chairman of the People's Council (de facto) / President (de jure) Gurbanguly Berdimuhamedow /Serdar Berdimuhamedow
26%
Brunei Sultan and Prime Minister Hassanal Bolkiah
26%
Afghanistan Supreme Leader Hibatullah Akhundzada
26%
Cyprus President Nikos Christodoulides
26%
Indonesia President Prabowo Subianto
26%
Pakistan Prime Minister Shehbaz Sharif
26%
United Arab Emirates President Sheikh Mohamed bin Zayed Al Nahyan
26%
Japan Prime Minister Shigeru Ishiba
26%
Cambodia Prime Minister Hun Manet
22%
Georgia Prime Minister Irakli Kobakhidze
22%
Iraq Prime Minister Mohammed Shia’ Al Sudani
22%
Kuwait Emir Sheikh Mishal Al-Ahmad Al-Jaber Al-Sabah
22%
Bhutan Prime Minister Tshering Tobgay
22%
South Korea President (impeached) / Acting President Yoon Suk Yeol / Choi Sang-mok
22%
Malaysia Prima Minister Anwar Ibrahim
17%
Oman Sultan and Prime Minister Haitham bin Tariq
17%
Nepal Prime Minister K. P. Sharma Oli
17%
Singapore Prime Minister Lawrence Wong
17%
Myanmar Acting President & Chairman of the State Administration Council Min Aung Hlaing
17%
Maldives President Mohamed Muizzu
17%
Lebanon Prime Minister / Prime Minister-designate Najib Mikati / Nawaf Salam
17%
East Timor Prime Minister Xanana Gusmão
17%
Sri Lanka President Anura Kumara Dissanayake
13%
Taiwan President Lai Ching-te
13%
Mongolia Prime Minister Luvsannamsrain Oyun-Erdene
13%
Thailand Prime Minister Paetongtam Shinawatra
13%
Yemen Chairman of the Presidential Leadership Council Rashad al-Alimi
13%
Laos President and Gen. Sec. of the People's Revolutionary Party Thongloun Sisoulith
13%
Vietnam General Secretary of the Communist Party Tô Lâm
13%
Uzbekistan President Shavkat Miriziyoyev
9%
No matching quizzes found
Score Distribution
Percent of People with Each Score
Percentile by Number Answered
Your Score History
You have not taken this quiz